[Event "Aragon-chT Preferente Gr I"]
[Site "Aragon"]
[Date "2022.03.12"]
[Round "7.34"]
[White "Garcia Lopez, Antonio"]
[Black "Carruez Berges, Santiago"]
[Result "0-1"]
[WhiteElo "1714"]
[BlackElo "1971"]
[PlyCount "78"]
[EventDate "2022.01.29"]
[EventType "team-tourn"]
[EventRounds "9"]
[EventCountry "ESP"]
[SourceTitle "EXT 2024"]
[Source "ChessBase"]
[SourceDate "2023.10.10"]
[SourceVersion "1"]
[SourceVersionDate "2023.10.10"]
[SourceQuality "1"]
[WhiteTeam "Delicias II"]
[BlackTeam "Agrupacion II"]
[WhiteTeamCountry "ESP"]
[BlackTeamCountry "ESP"]

1. d4 Nf6 2. Nf3 g6 3. e3 Bg7 4. Bd3 d6 5. c3 0-0 6. h3 Nbd7 7. e4 e5 8. 0-0 Re8 9. Bg5 h6 10. Bxf6 Nxf6 11. d5 Nh5 12. Kh2 Nf4 13. Bc2 Rf8 14. Nbd2 h5 15. Ng1 h4 16. g3 hxg3+ 17. fxg3 Nh5 18. Qe1 Bh6 19. Bd1 Qg5 20. Ndf3 Qe3 21. Qxe3 Bxe3 22. Nh4 Ng7 23. g4 Kh7 24. Ng2 Bxg1+ 25. Rxg1 f5 26. exf5 gxf5 27. Bc2 Kh6 28. Raf1 Bd7 29. g5+ Kg6 30. h4 Rh8 31. Kg3 Raf8 32. Kf2 Nh5 33. Ke1 Kg7 34. Rf3 f4 35. Be4 Ng3 36. Bc2 Bh3 37. Kf2 Bxg2 38. Rxg2 Rxh4 39. g6 e4 0-1

[Event "Aragon-chT Preferente Gr I"]
[Site "Aragon"]
[Date "2022.02.05"]
[Round "2.43"]
[White "Moreno Burillo, Marcos Antonio"]
[Black "Garcia Lopez, Antonio"]
[Result "1-0"]
[WhiteElo "1690"]
[BlackElo "1714"]
[PlyCount "77"]
[EventDate "2022.01.29"]
[EventType "team-tourn"]
[EventRounds "9"]
[EventCountry "ESP"]
[SourceTitle "EXT 2024"]
[Source "ChessBase"]
[SourceDate "2023.10.10"]
[SourceVersion "1"]
[SourceVersionDate "2023.10.10"]
[SourceQuality "1"]
[WhiteTeam "IberCaja II"]
[BlackTeam "Delicias II"]
[WhiteTeamCountry "ESP"]
[BlackTeamCountry "ESP"]

1. d4 Nf6 2. Bg5 d5 3. Bxf6 exf6 4. e3 c6 5. c4 Bb4+ 6. Nc3 Be6 7. Qb3 Qa5 8. a3 Bxc3+ 9. bxc3 Nd7 10. Nf3 0-0 11. c5 b6 12. Qb4 Qxb4 13. cxb4 bxc5 14. bxc5 Rab8 15. Bd3 Rb3 16. Ke2 Rfb8 17. Rhb1 Bg4 18. Bc2 Rb2 19. Kd2 Nf8 20. Ne1 Ng6 21. Nd3 Rxb1 22. Rxb1 Rxb1 23. Bxb1 Bf5 24. Bc2 Nh4 25. Ba4 Bd7 26. Nf4 Kf8 27. Nxd5 a5 28. Nb6 Be8 29. Nc4 Nxg2 30. Nxa5 Nh4 31. Ke2 Nf5 32. Bxc6 Ne7 33. Bxe8 Kxe8 34. Nb7 Kd7 35. a4 Nd5 36. Kd3 f5 37. Nd6 Ke6 38. Kc4 g5 39. Nxf5 1-0

[Event "Aragon-chT Preferente B"]
[Site "Aragon"]
[Date "2015.02.21"]
[Round "5.68"]
[White "Garcia Lopez, Antonio"]
[Black "Hernandez Delgado, Gabriel"]
[Result "0-1"]
[WhiteElo "1792"]
[BlackElo "1925"]
[PlyCount "80"]
[EventDate "2015.01.24"]
[EventType "team-tourn"]
[EventRounds "9"]
[EventCountry "ESP"]
[SourceTitle "EXT 2017"]
[Source "ChessBase"]
[SourceDate "2016.10.25"]
[SourceVersion "1"]
[SourceVersionDate "2016.10.25"]
[SourceQuality "1"]
[WhiteTeam "Caissa II"]
[BlackTeam "El Olivar III"]
[WhiteTeamCountry "ESP"]
[BlackTeamCountry "ESP"]

1. e4 d5 2. exd5 Nf6 3. c4 e6 4. dxe6 Bxe6 5. Nc3 Nc6 6. Nf3 Bc5 7. Be2 0-0 8. 0-0 Qd7 9. a3 a5 10. Qc2 Bf5 11. d3 Rfe8 12. Bg5 Nd4 13. Nxd4 Bxd4 14. Bxf6 Bxf6 15. Nd5 Bd4 16. Qd2 Ra6 17. Ne3 Bg6 18. Bf3 Rb6 19. Nd5 Rxb2 20. Qxa5 c6 21. Nc3 Bxd3 22. Ne4 Bxe4 23. Bxe4 Rxe4 24. Rae1 Bxf2+ 25. Rxf2 Rxe1+ 26. Qxe1 Rxf2 27. Qxf2 Qd1+ 28. Qf1 Qxf1+ 29. Kxf1 f5 30. Ke2 Kf7 31. Ke3 c5 32. a4 Kf6 33. h4 Ke5 34. a5 g6 35. g3 h6 36. Kd3 g5 37. hxg5 hxg5 38. Ke3 f4+ 39. gxf4+ gxf4+ 40. Kf3 Kf5 0-1